000 00763nam a22001577a 4500
003 OSt
005 20160208160827.0
008 160208b xxu||||| |||| 00| 0 eng d
040 _cRUA
082 _aMGR EM 2004 B376 Or.1
100 _96985
_aEM VICHETH; ឯម វិចិត្រ
245 _aStudy on the impacts of participation in chup pring water user community in kampong ro district, svay rieng province, សិក្សាពីឥទ្ធិពលនៃការចូលរួមរបស់សហគមន៍ប្រើប្រាស់ទឹកជប់ព្រីង ស្រុកកំពង់រោទ៍ ខេត្តស្វាយរៀង
260 _aPhnom Penh
_bRUA
_c2004
300 _axi ;74p.
_bill.
_c29cm.
942 _2ddc
_cNRM
999 _c6572
_d6572